000 00344 a2200157 4500
001 74886
020 _a9788516090906
040 _cAnchieta - Colégio São Paulo
100 _aRocha, Ruth
240 1 0 _aO pequeno Mozart
_lpor
245 1 0 _aO pequeno Mozart
300 _a35
362 0 _a2014
650 4 _aLiteratura infantil
942 _cBK
999 _c74886
_d74886